• 首页
  • 本馆介绍
  • 公告通知
  • 最新文献
  • 馆藏检索
  • 电子资源
  • 读者导购
  • 参考咨询
  • 我的图书馆
  • 登录
  • 详细信息显示
  • 放入我的书架
  • 预约/预借图书
  • 作者相关作品
  • 分类相关作品
  • 丛书相关作品
  • 出版社相关作品

书目信息

  • 表格格式
  • 工作单格式
  • 卡片格式
题名:
一个人的抗战
    
 
作者: 樊建川 著
分册:  
出版信息: 北京   中国对外翻译出版公司  2015
页数: 264页
开本: 23cm
丛书名:
单 册:
中图分类: G262.9
科图分类:
主题词: 抗日战争--革命文物--收藏--中国
电子资源:
ISBN: 978-7-5001-4191-4
000 00940nam0 2200265 450
001 012001002821
005 20180926155825.75
010    @a978-7-5001-4191-4@dCNY36.00
100    @a20151126d2015 em y0chiy50 ea
101 0  @achi
102    @aCN@b110000
105    @aa z 000yy
106    @ar
200 1  @a一个人的抗战@9yi ge ren de kang zhan@e樊建川抗战文物收藏札记@f樊建川著
205    @a修订版
210    @a北京@c中国对外翻译出版公司@d2015
215    @a264页@c图,照片@d23cm
314    @a樊建川,建川博物馆聚落馆主。著有《一个人的抗战》《抗俘——中国》等专著。
330    @a本书分为铁证如山、民族败类、中流砥柱、众志成城、抗战岁月四部分,主要内容包括:日本:大东亚共荣梦至今未醒;樱花瓣里,鬼子踩在长城上等。
334    @a本书荣获“中国图书奖”
606 0  @a抗日战争@x革命文物@x收藏@y中国
690    @aG262.9@v5
701  0 @a樊建川@9fan jian chuan@4著
801  0 @aCN@b上海新华@c20180901
905    @b1161571-5@dG262.9@e23=2@f5
    
    一个人的抗战:樊建川抗战文物收藏札记/樊建川著.-修订版.-北京:中国对外翻译出版公司,2015
    264页:图,照片;23cm
    
    
    ISBN 978-7-5001-4191-4:CNY36.00
    本书分为铁证如山、民族败类、中流砥柱、众志成城、抗战岁月四部分,主要内容包括:日本:大东亚共荣梦至今未醒;樱花瓣里,鬼子踩在长城上等。
●
相关链接 在E读中查询图书 在五车中查询图书 在当当中查询图书 在豆瓣中查询图书


正题名:一个人的抗战     索取号:G262.9/23=2         预约/预借

序号 登录号 条形码 馆藏地/架位号 状态 备注
1 1161571   211615714   第一样本阅览室/ [索取号:G262.9/23=2] 在馆    
2 1161572   211615723   第四借阅区/ [索取号:G262.9/23=2] 在馆    
3 1161573   211615732   第四借阅区/ [索取号:G262.9/23=2] 在馆    
4 1161574   211615741   第四借阅区/ [索取号:G262.9/23=2] 在馆    
5 1161575   211615750   第四借阅区/ [索取号:G262.9/23=2] 在馆    
唐山师范学院图书馆 欢迎您!
大连网信软件有限公司© 版权所有